000 00649nam a22002057a 4500
005 20251108174645.0
008 250721s2008 xx 000 0 ara d
020 _a9774273346
082 1 4 _a809.91/توت
100 1 _aتوتلي، ليزا
_eمؤلف
245 1 0 _aفن كتابة الفنتازيا و الخيال العلمي /
264 1 _aالقاهرة :
_bالدار المصرية اللبنانية،
_c2008.
300 _a278 ص.
650 1 7 _aالادب
653 _aالخيال العلمي
653 _aالفنتازيا
700 1 _aحسين، كمال الدين
_eمترجم
942 _2ddc
_cBK
999 _c114654
_d114654